Normal view
MARC view
- الرسم-دراسة وتعليم (إبتدائي)-الأردن . الحرف اليدوية-دراسة وتعليم (إبتدائي)-الأردن
Entry Topical Term
001 - CONTROL NUMBER
- control field: 16403
003 - CONTROL NUMBER IDENTIFIER
- control field: JO-AjAnu
005 - DATE AND TIME OF LATEST TRANSACTION
- control field: 20230606072921.0
008 - FIXED-LENGTH DATA ELEMENTS
- fixed length control field: 230606|| aca||aabn | a|a d
040 ## - CATALOGING SOURCE
- Original cataloging agency: JO-AjAnu
- Transcribing agency: JO-AjAnu
150 ## - HEADING--TOPICAL TERM
- Topical term or geographic name entry element: الرسم-دراسة وتعليم (إبتدائي)-الأردن . الحرف اليدوية-دراسة وتعليم (إبتدائي)-الأردن
670 ## - SOURCE DATA FOUND
- Source citation: Work cat.: (JO-AjAnu)8419: عادل،محمد إبراهيم, author 16402, الرسم والأشغال اليدوية في المدرسة الإبتدائية